00323nam a22001097a 4500082002800000100001800028245006500046260003300111300002400144526003700168650000800205 a681.14bPROcL-29, L-81 aH.P, Emundson aProceedings of the national Symposium on machine translation aUKbPrentice hall, incc1961 axvii, 525 p.billus a0b0c0d681_140000000000000_PRO aMCE